• 首页
  • 本馆介绍
  • 公告通知
  • 最新文献
  • 馆藏检索
  • 电子资源
  • 读者导购
  • 参考咨询
  • 我的图书馆
  • 登录
  • 详细信息显示
  • 放入我的书架
  • 预约/预借图书
  • 作者相关作品
  • 分类相关作品
  • 丛书相关作品
  • 出版社相关作品

书目信息

  • 表格格式
  • 工作单格式
  • 卡片格式
题名:
解析数论基础
    
 
作者: 潘承洞 著
分册:  
出版信息: 北京   科学出版社  1991
页数: 914页
开本: 20cm
丛书名: 现代数学基础丛书
单 册:
中图分类: O156.4
科图分类:
主题词: 代数 , 数论 , 组合数学
电子资源:
ISBN: 7-03-000929-0
000 00623nam0 2200229 450
001 0732828906
005 20070903090708.90
010    @a7-03-000929-0@d¥45.00
100    @a20070903d km y0chiy0120 ea
101 0  @achi
200 1  @a解析数论基础@Ajie xi shu lun ji chu@f潘承洞著@Fpan cheng dong zhu
210    @a北京@c科学出版社@d1991
215    @a914页@d20cm
225 2  @a现代数学基础丛书
410  0 @12001 @a现代数学基础丛书
606 0  @a代数
606 0  @a数论
606 0  @a组合数学
690    @aO156.4@v3
701  0 @a潘承洞@Apan cheng dong@4著
801  0 @aCN@bPFT@c20070903
905    @a213230@dO156.4@eS195@f1
    
    解析数论基础/潘承洞著.-北京:科学出版社,1991
    914页;20cm.-(现代数学基础丛书)
    
    
    ISBN 7-03-000929-0:¥45.00
    
●
相关链接 在E读中查询图书 在五车中查询图书 在当当中查询图书 在豆瓣中查询图书


正题名:解析数论基础     索取号:O156.4/S195         预约/预借

序号 登录号 条形码 馆藏地/架位号 状态 备注
1 6701679   267016793   数信系资料室/ [索取号:O156.4/S195] 在馆    
2 6701680   267016800   密集书库-数信学院/ [索取号:O156.4/S195] 在馆    
唐山师范学院图书馆 欢迎您!
大连网信软件有限公司© 版权所有